000 01255cam a2200301 a 4500
003 CHAP
005 20220329141903.0
008 980416d1996 mx r 00110 spa d
010 _a75311
011 _a76283
035 _a85862
040 _cCHAP
090 _aFolleto 15023
110 2 _aComités Interinstitucionales para la Evaluación de la Educación Superior. México. Comité de Difusión y Extensión de la Cultura
_925928
245 1 0 _aMarco de referencia para la evaluación
_c/por Comités Interinstitucionales para la Evaluación de la Educación Superior. Comité de Difusión y Extensión de la Cultura
260 _aMéxico, D. F. :
_bComités Interinstitucionales para la Evaluación de la Educación Superior. Comité de Difusión y Extensión de la Cultura,
_c1996.
300 _a55 p. :
_bilus.
590 _aBATCH-UPD
_b10
_c20130110
_lUCH01
_h1401
590 _aBATCH-UPD
_b10
_c20130410
_lUCH01
_h0852
590 _aBATCH-UPD
_b10
_c20130914
_lUCH01
_h1127
590 _aCONVERSION
_b10
_c20130109
_lUCH01
_h1341
650 1 4 _aCultura.
_930401
650 1 4 _aExtensión universitaria.
_939208
901 _aBK
905 _aLilia Sánchez G.
942 _cFOLL
949 _aFolleto 15023
_bBC
_cFOLL
_d858621
_eTS1
_i85862
_kDonaciØn
_sb
999 _c75311
_d75311